Discovery of Humankind (Record no. 3814)

MARC details
000 -LEADER
fixed length control field 00599nam a2200241 a 4500
020 ## - INTERNATIONAL STANDARD BOOK NUMBER
ISBN
082 00 - DEWEY DECIMAL CLASSIFICATION NUMBER
Classification number 291.172
Author Cutter ROU
100 ## - MAIN ENTRY--AUTHOR NAME
Author name Rouner, Leroy S
245 ## - TITLE STATEMENT
Title Discovery of Humankind
260 ## - PUBLICATION, DISTRIBUTION, ETC. (IMPRINT)
Place of publication New Delhi
Name of publisher Islam & Modern Age Society
Year of publication 1977
300 ## - PHYSICAL DESCRIPTION
Number of Pages 152p
500 ## - GENERAL NOTE
General note includes index and biblioraphy
505 2# - FORMATTED CONTENTS NOTE
Formatted contents note Index
650 ## - SUBJECT ADDED ENTRY--TOPICAL TERM
Topical Term Reconciliation-Interfaith Dialogue
942 ## - ADDED ENTRY ELEMENTS (KOHA)
Koha item type Books
700 1# -
-- Rouner, Leroy S
Holdings
Collection code Home library Current library Date acquired Cost, normal purchase price Full call number Accession Number Koha item type
  Henry Martyn Institute Library Henry Martyn Institute Library 07/17/2007 35.00 291.172 ROU 09814 Books
                   Copyright © 2026 | Henry Martyn Institute | Hyderabad | TS-500052 | INDIA | Implemented by hmi.edu.in
Hit-Count:

Powered by Koha